Resolución ministerial 1984/2016 [validez nacional al título de Licenciado en Psicología].

Otorgar reconocimiento oficial y la consecuente validez nacional por el plazo de TRES (3) años a contar desde la fecha de la Resolución CONEAU N° 1109 del 16 de diciembre de 2014 al título de Licenciado en Psicología, que expide la Universidad Argentina de la Empresa, Facultad de Ciencias Jurídicas...

Descripción completa

Guardado en:
Detalles Bibliográficos
Autores Corporativos: Argentina. Ministerio de Educación y Deportes, Argentina. Ministerio de Educación y Deportes. Ministro (2015-2017 : Bullrich)
Formato: Documento Gubernamental Libro electrónico
Lenguaje:Español
Publicado: Buenos Aires : Ministerio de Educación y Deportes, 2016.
Materias:
Acceso en línea:http://www.bnm.me.gov.ar/giga1/normas/RM_1984-16.pdf
Aporte de:Registro referencial: Solicitar el recurso aquí
LEADER 01747nam a22003494a 4500
003 AR-BaBNM
005 20260505102439.0
007 cr |||||||||||
008 260505e20161107ag |ol|||f000 0 spa d
035 |a 000229938 
040 |a AR-BaBNM  |b spa  |e aacr 
086 |a RM 1984/2016 
110 1 |a Argentina.  |b Ministerio de Educación y Deportes  |9 13012 
245 1 0 |a Resolución ministerial 1984/2016  |h [recurso electrónico] :  |b [validez nacional al título de Licenciado en Psicología]. 
260 |a Buenos Aires :  |b Ministerio de Educación y Deportes,  |c 2016. 
300 |a 1 PDF 
520 |a Otorgar reconocimiento oficial y la consecuente validez nacional por el plazo de TRES (3) años a contar desde la fecha de la Resolución CONEAU N° 1109 del 16 de diciembre de 2014 al título de Licenciado en Psicología, que expide la Universidad Argentina de la Empresa, Facultad de Ciencias Jurídicas y Sociales, perteneciente a la carrera de Licenciatura a dictarse bajo la modalidad presencial, según el plan de estudios, duración de la respectiva carrera y alcances del título que se detallan en los ANEXOS de la presente Resolución. 
522 |a Nacional 
610 2 4 |a UADE  |9 12640 
650 4 |a Reconocimiento oficial de títulos  |9 9777 
650 4 |a Validez de títulos  |9 10818 
650 4 |a Licenciaturas  |9 8793 
650 4 |a Planes de estudios  |9 10811 
650 4 |a Incumbencias profesionales  |9 8530 
710 1 |a Argentina.  |b Ministerio de Educación y Deportes.  |b Ministro (2015-2017 : Bullrich)  |9 15154 
787 0 |t LE 24521 
787 0 |t DE 576/1996 
787 0 |t RM 136/2004 
787 0 |t RM 343/2009 
856 4 0 |u http://www.bnm.me.gov.ar/giga1/normas/RM_1984-16.pdf  |q PDF (9 p.) 
942 |2 udc  |c DIGI 
999 |c 252124  |d 252124